| 000 | 00956nam0a22002531 4500 | ||
|---|---|---|---|
| 001 | rc\3039097 | ||
| 005 | 20250806201900.0 | ||
| 035 | _a(NLR Aleph) 007179480 | ||
| 090 |
_a17948 _c17948 |
||
| 100 | _a20111005d1941 u y0rusy50 ca | ||
| 101 | 0 | _arus | |
| 102 | _aRU | ||
| 105 | _aa j ||||| | ||
| 200 | 1 |
_aЗадачник по сферической тригонометрии и мореходной астрономии _fпроф. Б.П. Хлюстин, инж. контр.-адмирал |
|
| 210 |
_aМосква _aЛенинград _cВоенмориздат _d1941 _eЛенинград |
||
| 215 |
_a320 с., 1 отд. л. табл. _cтабл. _d27 см |
||
| 700 | 1 |
_aХлюстин _bБ.П. _f1884- _gБорис Павлович |
|
| 801 | 0 |
_aRU _bNLR _gpsbo |
|
| 801 | 1 |
_aRU _bELAR _2rusmarc |
|
| 852 |
_aNLR _jА02 Г-7/4 |
||
| 942 | _cBOOK | ||
| 945 | _aРоссийская национальная библиотека | ||
| 980 | _aNB | ||
| 980 | _aBV | ||